000
00288 a2200121 4500
001
62612
082
_a
297.293 WAH
090
_c
37218
_d
37218
100
_a
Abdul Waheed Khan
245
_a
What Quraan says about christianity
_h
English
260
_b
Abdul Waheed Khan
300
_a
56p
942
_a
CAE NUST
_k
297.293 WAH
999
_c
297685
_d
297685